Statistiken für Schnelle Mathematik - Quadratzahlen Level 02

Klicken Sie hier um das Quiz zu spielen!

Allgemein

  • Dieses Quiz wurde 324 mal gespielt
  • Das Durchschnittsergebnis liegt bei 13 aus 15

Antwortstatistiken

HintAntwort% Korrekt
1
99%
4
99%
16
97%
25
97%
64
97%
9
97%
36
96%
49
96%
81
95%
10²100
90%
11²121
81%
12²144
71%
13²169
58%
15²225
48%
14²196
44%

Verteilung der Resultate

Perzentil nach korrekt beantworteten Fragen

Anzahl Personen mit jedem Resultat

Ihre Resultats-Entwicklung

Sie haben dieses Quiz noch nicht gespielt